000
00212 a2200097 4500
001
30913
100
_a
Abdul Aziz
245
_a
Jamal-e Mustafa
260
_a
Karachi
_b
Gilani publishers
_c
090
_c
20807
_d
20807
942
_a
NUST-CAE
_c
M
_c
12011
999
_c
265986
_d
265986